Statistics for U.S. City Nicknames Quiz

Click here to take the quiz!

General Stats

  • This quiz has been taken 55,490 times
    (35,596 since last reset)
  • The average score is 15 of 24

Answer Stats

Nickname City % Correct
The Big AppleNew York City
100%
The Windy CityChicago
97%
The City of AngelsLos Angeles
95%
The Motor CityDetroit
91%
Sin CityLas Vegas
91%
The City by the BaySan Francisco
85%
The Mile High CityDenver
78%
The Big EasyNew Orleans
77%
The City of Brotherly LovePhiladelphia
77%
Bean TownBoston
76%
Music CityNashville
74%
Steel CityPittsburgh
68%
Gateway to the WestSt. Louis
62%
Emerald CitySeattle
60%
Witch CitySalem
55%
The Big PineappleHonolulu
53%
The City Too Busy to HateAtlanta
43%
The Mistake on the LakeCleveland
42%
The Biggest Little City in the WorldReno
41%
Derby CityLouisville
37%
Cigar CityTampa
29%
The Rubber CityAkron
20%
The Conch RepublicKey West
18%
The World's PlaygroundAtlantic City
14%

Score Distribution

Percentile by Number Answered

Percent of People with Each Score

Your Score History

You have not taken this quiz since the last reset